| 000 | 00693nmm a2200265 a 4500 | ||
|---|---|---|---|
| 003 | AR-BaBNM | ||
| 005 | 20251128202838.0 | ||
| 008 | 070020s1954 ||||||||||||||000 | spa|| | ||
| 040 | _cAR-BaBNM | ||
| 100 | 0 |
_aAlmafuerte _d1854-1917 |
|
| 245 | 1 | 0 |
_aObras completas de Almafuerte _bevangélicas, poesías y discursos |
| 250 | _a2ª ed. | ||
| 260 |
_aBuenos Aires _bEdiciones Antonio Zamora _c1954 |
||
| 300 | 0 | _a510 p. | |
| 650 | 4 | _aLITERATURA ARGENTINA | |
| 650 | 4 | _aANTOLOGIAS | |
| 650 | 4 | _aPROSA | |
| 650 | 4 | _aDISCURSOS | |
| 653 | 0 | _aPOESIA LIRICA | |
| 653 | 0 | _aMODERNISMO | |
| 655 | _aLITERATURA | ||
| 700 | 1 |
_aRuiz, Luis Alberto _eprologuista |
|
| 942 | _cBK | ||
| 998 | _cCarmen | ||
| 999 |
_c856 _d856 |
||